|
|
|
|
| LEADER |
00000naa2a2200000 4500 |
| 001 |
159078 |
| 005 |
20231031154912.0 |
| 035 |
|
|
|a (RuTPU)RU\TPU\book\172526
|
| 090 |
|
|
|a 159078
|
| 100 |
|
|
|a 20090504d2008 k y0rusy50 ca
|
| 101 |
0 |
|
|a rus
|
| 102 |
|
|
|a RU
|
| 200 |
1 |
|
|a Ценообразование на новый товар
|f Е. В. Вершинина
|g науч. рук. А. Н. Павленко
|
| 320 |
|
|
|a Библиогр.: 4 назв.
|
| 461 |
|
1 |
|0 (RuTPU)RU\TPU\book\166087
|t Энергия молодых - экономике России
|o труды IX Международной научно-практической конференции студентов и молодых ученых, г. Томск, 19-22 мая 2008 г.
|f Томский политехнический университет (ТПУ) ; Вольное экономическое общество России ; Международный союз экономистов (МСЭ)
|d 2008
|
| 463 |
|
0 |
|0 (RuTPU)RU\TPU\book\167192
|t Ч. 2
|v С. 49-51
|d 2008
|
| 610 |
1 |
|
|a цена
|
| 610 |
1 |
|
|a ценообразование
|
| 610 |
1 |
|
|a рыночная экономика
|
| 610 |
1 |
|
|a новый товар
|
| 610 |
1 |
|
|a предприятия
|
| 610 |
1 |
|
|a спрос
|
| 610 |
1 |
|
|a метод надбавок
|
| 610 |
1 |
|
|a метод доходов
|
| 610 |
1 |
|
|a метод потребительской оценки
|
| 610 |
1 |
|
|a конкуренты
|
| 610 |
1 |
|
|a метод следования
|
| 610 |
1 |
|
|a труды учёных ТПУ
|
| 700 |
|
1 |
|a Вершинина
|b Е. В.
|
| 702 |
|
1 |
|a Павленко
|b А. Н.
|4 727
|
| 801 |
|
1 |
|a RU
|b 63413507
|c 20090504
|g PSBO
|
| 801 |
|
2 |
|a RU
|b 63413507
|c 20161122
|g PSBO
|
| 942 |
|
|
|c BK
|